Countries Capitals-Sudden Death - Statistics

General Stats
  • This quiz has been taken 60 times
    16 since last reset
  • The average score is 12 of 16
Answers on the Grid
Answers color-coded by a green-red scale on the quiz's grid according to % correct below.
Baku
Istanbul
Baghdad
Kathmandu
Maseru
Rio De Janeiro
New York
Valletta
Shaktar
Taipei
Canberra
Casablanca
Montevideo
Havana
Marseille
Guangzhou
Ulaanbataar
Barcelona
Rome
Milano
Mingacevir
Bishkek
Tbilisi
Tabriz
St Petersburg
Bogota
Kigali
Johannesburg
Cairo
Bali
 
Answer Stats
Answer % Correct
Baghdad
88%
Baku
88%
Bogota
88%
Cairo
88%
Montevideo
88%
Ulaanbataar
88%
Bishkek
75%
Canberra
75%
Havana
75%
Kathmandu
75%
Rome
75%
Taipei
75%
Tbilisi
75%
Maseru
63%
Valletta
63%
Kigali
50%
No matching quizzes found
Score Distribution
Percent of People with Each Score
Percentile by Number Answered
Your Score History
You have not taken this quiz since the last reset